000 00867nam a2200205Ia 4500
008 0000001992 pr a 0000000000spa00
090 _aPPR00 D18c
100 1 _aDávila Ridaldi, Carlos
_d1922
245 1 0 _aCarlos Dávila Rinaldi
_b: acumulaciones
_c/ fotos Tomás Gual, Edwin Medina
300 _a17 p.
_c/ 22 cm.
500 _aExposición realizada en Luigi Marrozzini Gallery, San Juan (Puerto Rico), 1992 \ Con el patronazgo del maestro venezolano Jesús Rafael Soto (q.e.p.d.)
600 0 0 _aDAVILA RINALDI, CARLOS, 1922/
_xTRABAJOS PICTORICOS
650 1 4 _aARTE CONTEMPORANEO PUERTORRIQUEÑO
650 1 4 _xCATALOGOS
650 1 4 _xEXPOSICIONES
650 1 4 _aPINTORES PUERTORRIQUEÑOS
650 1 4 _aPINTURA PUERTORRIQUEÑA
700 1 _aGual, Tomás \ Medina, Edwin
999 _c4664
_d4664
260 _aSan Juan (Puerto Rico) : Luigi Marrozzini Gallery
_c1992